000 00285nam a22001217a 4500
040 _cHS
082 _a635
100 _aBOWYER
245 _aDelaying postharvest senescence of cut flowers using nitric oxide
260 _aRirdc publication
_bBOWYER
_c2003
300 _a11p;
942 _cEK
999 _c9928
_d9928